00346pab a2200133 454500008004000000100002200040245005100062260000900113300001300122362001100135650002000146650001200166773003400178180718b2010 xxu||||| |||| 00| 0 eng d aMukherjee, Aditya aEmpire: How colonial India made modern Britain c2010 ap.73-82. a11 Dec aIndia - History aHistory aEconomic and Political Weekly